[Event "FRM-chT 31st"]
[Site "Ohrid"]
[Date "2023.08.31"]
[Round "6.2"]
[White "Petrov, Marian"]
[Black "Ivic, Velimir"]
[Result "0-1"]
[WhiteElo "2446"]
[BlackElo "2561"]
[PlyCount "49"]
[EventDate "2023.08.26"]
[EventType "team-tourn"]
[EventRounds "7"]
[EventCountry "MKD"]
[SourceTitle "EXT 2024"]
[Source "ChessBase"]
[SourceDate "2023.10.10"]
[SourceVersion "1"]
[SourceVersionDate "2023.10.10"]
[SourceQuality "1"]
[WhiteTeam "Gostivar"]
[BlackTeam "Skopje Alkaloid"]
[WhiteTeamCountry "MKD"]
[BlackTeamCountry "MKD"]

1. e4 c5 2. Nf3 d6 3. Bb5+ Nd7 4. d4 cxd4 5. Qxd4 a6 6. Bxd7+ Bxd7 7. Nc3 e5 8. Qd3 h6 9. Nd2 Rc8 10. Nc4 Be6 11. Nd5 Bxd5 12. exd5 Nf6 13. 0-0 Qc7 14. b3 Be7 15. a4 0-0 16. a5 Rfe8 17. Ba3 Bf8 18. Rac1 Nd7 19. Qe3 f5 20. Rfd1 Nf6 21. Qb6 Qf7 22. Nxd6 Bxd6 23. Qxd6 Ne4 24. Qb4 Nc3 25. Re1 0-1

[Event "Plovdiv Trainers and Students 2nd"]
[Site "Plovdiv"]
[Date "2022.10.01"]
[Round "3"]
[White "Petrov, Marian"]
[Black "Stoyanov, Tsvetan"]
[Result "1-0"]
[WhiteElo "2448"]
[BlackElo "2449"]
[PlyCount "69"]
[EventDate "2022.09.29"]
[EventType "swiss"]
[EventRounds "9"]
[EventCountry "BUL"]
[SourceTitle "CBM 210 Extra"]
[Source "ChessBase"]
[SourceDate "2022.11.30"]
[SourceVersion "1"]
[SourceVersionDate "2022.11.30"]
[SourceQuality "1"]

1. e4 c5 2. g3 d5 3. exd5 Qxd5 4. Nf3 Bg4 5. Bg2 Nc6 6. h3 Qe6+ 7. Kf1 Bh5 8. g4 Bg6 9. d3 h5 10. g5 h4 11. Be3 Qf5 12. Qd2 e6 13. Qc3 Nge7 14. Qxc5 Nd5 15. Qc4 Be7 16. Bd2 Nb6 17. Qc3 0-0-0 18. Nh2 Bb4 19. Qxg7 Bc5 20. Qf6 Qxf6 21. gxf6 Nd4 22. Na3 Bxa3 23. bxa3 Nxc2 24. Rc1 Bxd3+ 25. Kg1 Nc4 26. Bc3 N2xa3 27. Ng4 Rh5 28. f4 Rf5 29. Nh6 Rxf4 30. Be5 Re4 31. Nxf7 Rg8 32. Nh6 Rf8 33. Bxe4 Bxe4 34. f7 Bxh1 35. Kxh1 1-0

[Event "AUT-chT2W 2223"]
[Site "Austria"]
[Date "2022.09.25"]
[Round "3.1"]
[White "Breder, Dennis"]
[Black "Petrov, Marian"]
[Result "1/2-1/2"]
[WhiteElo "2458"]
[BlackElo "2448"]
[PlyCount "65"]
[EventDate "2022.09.23"]
[EventType "team-tourn"]
[EventRounds "11"]
[EventCountry "AUT"]
[SourceTitle "CBM 210 Extra"]
[Source "ChessBase"]
[SourceDate "2022.11.30"]
[SourceVersion "1"]
[SourceVersionDate "2022.11.30"]
[SourceQuality "1"]
[WhiteTeam "Hohenems II"]
[BlackTeam "Lustenau"]
[WhiteTeamCountry "AUT"]
[BlackTeamCountry "AUT"]

1. e4 c5 2. Nf3 e6 3. d4 cxd4 4. Nxd4 Nf6 5. Nc3 d6 6. g4 Nc6 7. g5 Nd7 8. Be3 Be7 9. h4 a6 10. Qh5 0-0 11. 0-0-0 Nxd4 12. Bxd4 b5 13. Bd3 Ne5 14. f4 Nxd3+ 15. Rxd3 b4 16. Ne2 Bb7 17. Ng3 Re8 18. Rhd1 Qa5 19. Kb1 Bf8 20. e5 Red8 21. Qe2 dxe5 22. fxe5 Bd5 23. b3 Qb5 24. Ne4 Bxe4 25. Qxe4 Rd5 26. Be3 Rxd3 27. Rxd3 Rc8 28. Kb2 a5 29. Kb1 Be7 30. Qd4 Qc6 31. Rd2 g6 32. Qd7 Qxd7 33. Rxd7 1/2-1/2

[Event "Trieste op 24th"]
[Site "Trieste"]
[Date "2022.09.08"]
[Round "8"]
[White "Moroni, Luca Jr"]
[Black "Petrov, Marian"]
[Result "1-0"]
[WhiteElo "2565"]
[BlackElo "2448"]
[PlyCount "115"]
[EventDate "2022.09.03"]
[EventType "swiss"]
[EventRounds "9"]
[EventCountry "ITA"]
[SourceTitle "CBM 210 Extra"]
[Source "ChessBase"]
[SourceDate "2022.11.30"]
[SourceVersion "1"]
[SourceVersionDate "2022.11.30"]
[SourceQuality "1"]

1. d4 c5 2. d5 g6 3. e4 d6 4. Nc3 Bg7 5. Bb5+ Bd7 6. a4 Nf6 7. h3 0-0 8. Nf3 Na6 9. 0-0 Nc7 10. Bc4 a6 11. e5 dxe5 12. Nxe5 b5 13. axb5 Bxb5 14. Bxb5 Nxb5 15. Nxb5 axb5 16. Nc6 Qd7 17. Rxa8 Rxa8 18. Be3 e6 19. Bxc5 Nxd5 20. Ne7+ Kh8 21. Nxd5 Qxd5 22. Qxd5 exd5 23. Rb1 Kg8 24. Kf1 Rc8 25. b4 Bf8 26. Bxf8 Kxf8 27. Rd1 Rc4 28. c3 Rxc3 29. Rxd5 Rb3 30. Rxb5 h5 31. h4 Rb2 32. Rb7 Kg7 33. b5 Kf6 34. b6 Ke6 35. g3 Rb1+ 36. Ke2 Rb2+ 37. Ke3 Rb3+ 38. Kd4 Rb2 39. Kc3 Rxf2 40. Rc7 Rf1 41. b7 Rb1 42. Kc4 f6 43. Kc5 Kf5 44. Rd7 Rc1+ 45. Kd6 Rb1 46. Kc5 Rc1+ 47. Kd6 Rb1 48. Rg7 g5 49. Kc7 Kg4 50. b8Q Rxb8 51. Kxb8 Kxg3 52. hxg5 fxg5 53. Rxg5+ Kh4 54. Rg8 Kh3 55. Kc7 h4 56. Kd6 Kh2 57. Ke5 h3 58. Ke4 1-0

[Event "Trieste op 24th"]
[Site "Trieste"]
[Date "2022.09.03"]
[Round "1"]
[White "Petrov, Marian"]
[Black "Hrescak, Ivana"]
[Result "1-0"]
[WhiteElo "2448"]
[BlackElo "2130"]
[PlyCount "73"]
[EventDate "2022.09.03"]
[EventType "swiss"]
[EventRounds "9"]
[EventCountry "ITA"]
[SourceTitle "CBM 210 Extra"]
[Source "ChessBase"]
[SourceDate "2022.11.30"]
[SourceVersion "1"]
[SourceVersionDate "2022.11.30"]
[SourceQuality "1"]

1. e4 c5 2. Nf3 d6 3. c3 Nf6 4. g3 g6 5. Bg2 Bg7 6. 0-0 0-0 7. Re1 Nc6 8. h3 e5 9. d4 Re8 10. d5 Ne7 11. a4 h6 12. Na3 g5 13. Nd2 g4 14. hxg4 Nxg4 15. Ndc4 Ng6 16. b4 cxb4 17. cxb4 f5 18. Nb5 Bf8 19. exf5 Bxf5 20. Qf3 Bc8 21. Qd3 Qf6 22. Qe2 Bf5 23. f3 Nf4 24. Qd2 Nd3 25. fxg4 Nxe1 26. gxf5 Nxg2 27. Qxg2 Qxf5 28. Ncxd6 Bxd6 29. Nxd6 Qd3 30. Nxe8 Qd4+ 31. Qf2 Qxa1 32. Nf6+ Kh8 33. Qd2 Qd4+ 34. Qxd4 exd4 35. Bxh6 Rd8 36. Kf2 Rd6 37. Bg7+ 1-0

[Event "AUT-chT2W 2122"]
[Site "Austria"]
[Date "2022.06.03"]
[Round "6.4"]
[White "Petrov, Marian"]
[Black "Ivanov, Mikhail M"]
[Result "1-0"]
[WhiteElo "2463"]
[BlackElo "2329"]
[PlyCount "80"]
[EventDate "2021.10.15"]
[EventType "team-tourn"]
[EventRounds "11"]
[EventCountry "AUT"]
[SourceTitle "EXT 2023"]
[Source "ChessBase"]
[SourceDate "2022.10.05"]
[SourceVersion "1"]
[SourceVersionDate "2022.10.05"]
[SourceQuality "1"]
[WhiteTeam "Lustenau"]
[BlackTeam "Rochade Rum"]
[WhiteTeamCountry "AUT"]
[BlackTeamCountry "AUT"]

1. e4 c6 2. d4 d5 3. e5 c5 4. dxc5 Nc6 5. f4 Nh6 6. Nf3 Bg4 7. Be3 Nf5 8. Bf2 g5 9. fxg5 e6 10. Nbd2 h6 11. c3 hxg5 12. Qa4 Bxf3 13. Nxf3 Qc7 14. Bb5 Be7 15. 0-0-0 0-0-0 16. Bxc6 bxc6 17. g4 Nh4 18. Bxh4 gxh4 19. b4 Kb7 20. Kc2 Rc8 21. g5 Qd8 22. Rb1 Qg8 23. Rb3 Qg6+ 24. Kb2 Qe4 25. Ra3 Qe2+ 26. Ka1 a6 27. Nd4 Qc4 28. Rb1 Bxg5 29. b5 Qxa4 30. bxc6+ Kc7 31. Rb7+ Kd8 32. Rxa4 Be7 33. Rxa6 Rg8 34. Nb5 Rg1+ 35. Kb2 Rg2+ 36. Kb3 Bxc5 37. Rxf7 Ke8 38. Rh7 Rb8 39. a4 Rxh2 40. c7 Rc8 1-0

[Event "Paterna Chess in a Rook 3rd"]
[Site "Paterna"]
[Date "2022.05.15"]
[Round "2"]
[White "Krasteva, Beloslava"]
[Black "Petrov, Marian"]
[Result "0-1"]
[WhiteElo "2268"]
[BlackElo "2456"]
[PlyCount "78"]
[EventDate "2022.05.15"]
[EventType "tourn (blitz)"]
[EventRounds "3"]
[EventCountry "ESP"]
[SourceTitle "CBM 208 Extra"]
[Source "ChessBase"]
[SourceDate "2022.07.31"]
[SourceVersion "1"]
[SourceVersionDate "2022.07.31"]
[SourceQuality "1"]

1. d4 g6 2. c4 Bg7 3. Nc3 c5 4. d5 d6 5. e4 e6 6. Bd3 Nf6 7. h3 0-0 8. Be3 Na6 9. Nf3 Nc7 10. 0-0 exd5 11. exd5 b5 12. Bg5 bxc4 13. Bxc4 h6 14. Bf4 Re8 15. Qd2 g5 16. Bg3 Bf5 17. Bd3 Ne4 18. Nxe4 Bxe4 19. Bxe4 Rxe4 20. Rae1 f5 21. Rxe4 fxe4 22. Nh2 Rb8 23. b3 Rb4 24. Re1 Rd4 25. Qa5 Qe7 26. Qxa7 Nxd5 27. Qb8+ Bf8 28. Ng4 Kh7 29. Ne3 Nxe3 30. Rxe3 h5 31. f3 h4 32. Be1 d5 33. a4 Bg7 34. Qb5 Rd1 35. Qe2 Rb1 36. Qc2 Ra1 37. Kf1 Bd4 38. Re2 Qf6 39. a5 Kh6 0-1

[Event "Silla CC 60 Masters"]
[Site "Silla"]
[Date "2022.05.12"]
[Round "7"]
[White "Petrov, Marian"]
[Black "Granero Roca, Antonio"]
[Result "1/2-1/2"]
[WhiteElo "2456"]
[BlackElo "2340"]
[PlyCount "60"]
[EventDate "2022.05.09"]
[EventType "tourn"]
[EventRounds "10"]
[EventCountry "ESP"]
[EventCategory "3"]
[SourceTitle "CBM 208 Extra"]
[Source "ChessBase"]
[SourceDate "2022.07.31"]
[SourceVersion "1"]
[SourceVersionDate "2022.07.31"]
[SourceQuality "1"]

1. e4 e5 2. Nf3 Nc6 3. Bc4 Bc5 4. c3 Nf6 5. d4 exd4 6. cxd4 Bb4+ 7. Bd2 Bxd2+ 8. Nbxd2 d6 9. 0-0 0-0 10. Re1 Bg4 11. d5 Ne5 12. Be2 Bxf3 13. Nxf3 Nxe4 14. Nxe5 dxe5 15. Bf3 Nd6 16. Rxe5 Re8 17. Rxe8+ Qxe8 18. Rc1 Qd7 19. Qd3 Re8 20. g3 Re7 21. Kg2 h6 22. a3 a6 23. Rc2 Qb5 24. Qxb5 Nxb5 25. a4 Nd6 26. h4 Kf8 27. Rc3 Ke8 28. Kf1 Kd8 29. Rc2 Re5 30. Rc3 f6 1/2-1/2

[Event "Rome Lazio op 15th"]
[Site "Rome"]
[Date "2022.01.02"]
[Round "1"]
[White "Petrov, Marian"]
[Black "Pastore, Cosmas"]
[Result "1-0"]
[WhiteElo "2461"]
[BlackElo "1777"]
[PlyCount "111"]
[EventDate "2022.01.02"]
[EventType "swiss"]
[EventRounds "7"]
[EventCountry "ITA"]
[SourceTitle "EXT 2023"]
[Source "ChessBase"]
[SourceDate "2022.10.05"]
[SourceVersion "1"]
[SourceVersionDate "2022.10.05"]
[SourceQuality "1"]

1. e4 e5 2. Nf3 Nc6 3. Bc4 Nf6 4. d3 Bc5 5. 0-0 0-0 6. a4 d6 7. c3 a5 8. Nbd2 h6 9. Re1 Ng4 10. Re2 Bb6 11. Nf1 Ne7 12. h3 Nf6 13. Ng3 Ng6 14. d4 Re8 15. Be3 exd4 16. Bxd4 Bxd4 17. Nxd4 Nf4 18. Re3 d5 19. exd5 Rxe3 20. fxe3 N4xd5 21. Qf3 Nb6 22. Bb3 c5 23. Ndf5 Bxf5 24. Nxf5 c4 25. Rd1 Qc7 26. Bc2 Nbd7 27. Nd6 Rb8 28. Rd4 Ne5 29. Qf4 Nd3 30. Rxc4 Nxf4 31. Rxc7 N4d5 32. Rxb7 Rxb7 33. Nxb7 Nxe3 34. Bb3 Ne4 35. Nxa5 Nd2 36. Kf2 Nxb3 37. Nxb3 Nd1+ 38. Ke2 Nxb2 39. a5 Kf8 40. a6 Na4 41. Kd3 Ke7 42. a7 Nb6 43. c4 Kd7 44. c5 Na8 45. Kc4 Nc7 46. Nd4 Na8 47. Nf5 Kc6 48. Nxg7 Kb7 49. Nf5 h5 50. h4 Kxa7 51. g4 Nc7 52. gxh5 Ne6 53. h6 Nf8 54. Kd5 Kb7 55. Kd6 Kc8 56. c6 1-0

[Event "Cattolica Halloween op"]
[Site "Cattolica"]
[Date "2021.10.30"]
[Round "6"]
[White "Cvitan, Ognjen"]
[Black "Petrov, Marian"]
[Result "1/2-1/2"]
[WhiteElo "2470"]
[BlackElo "2439"]
[PlyCount "23"]
[EventDate "2021.10.27"]
[EventType "swiss"]
[EventRounds "9"]
[EventCountry "ITA"]
[SourceTitle "CBM 204 Extra"]
[Source "ChessBase"]
[SourceDate "2021.11.30"]
[SourceVersion "1"]
[SourceVersionDate "2021.11.30"]
[SourceQuality "1"]

1. Nf3 Nf6 2. d4 d5 3. c4 c6 4. cxd5 cxd5 5. Nc3 Nc6 6. Bf4 Bf5 7. e3 e6 8. Bd3 Bxd3 9. Qxd3 Bd6 10. Bxd6 Qxd6 11. 0-0 0-0 12. Rfc1 1/2-1/2

[Event "ITA-chTB 52nd"]
[Site "Montesilvano"]
[Date "2021.09.23"]
[Round "5.1"]
[White "Lodici, Lorenzo"]
[Black "Petrov, Marian"]
[Result "1-0"]
[WhiteElo "2507"]
[BlackElo "2463"]
[PlyCount "85"]
[EventDate "2021.09.20"]
[EventType "team-tourn"]
[EventRounds "7"]
[EventCountry "ITA"]
[SourceTitle "CBM 204 Extra"]
[Source "ChessBase"]
[SourceDate "2021.11.30"]
[SourceVersion "1"]
[SourceVersionDate "2021.11.30"]
[SourceQuality "1"]
[WhiteTeam "Rome Arrocco"]
[BlackTeam "Lazio Scacchi"]
[WhiteTeamCountry "ITA"]
[BlackTeamCountry "ITA"]

1. d4 g6 2. e4 Bg7 3. Nc3 d6 4. f4 Nf6 5. Nf3 0-0 6. e5 Nfd7 7. Bc4 Nb6 8. Bb3 Nc6 9. a4 a5 10. Ne4 Bf5 11. Ng3 Bg4 12. c3 d5 13. h3 Bxf3 14. Qxf3 f6 15. exf6 Rxf6 16. Qg4 e6 17. Bd2 Ne7 18. 0-0-0 Qd7 19. Rde1 Ra6 20. Qd1 Nbc8 21. Bc2 b5 22. Bd3 c6 23. Re5 Nd6 24. Rhe1 Nc4 25. h4 Nxe5 26. dxe5 Rf7 27. h5 Rb6 28. hxg6 hxg6 29. Qg4 bxa4 30. Bxg6 Nxg6 31. Qxg6 Qb7 32. Nh5 Qe7 33. Nf6+ Kf8 34. f5 a3 35. Nh7+ Kg8 36. fxe6 Rf2 37. Nf6+ Kf8 38. Nd7+ Kg8 39. Nxb6 axb2+ 40. Kc2 Qh4 41. e7 Qxe7 42. Qxc6 Qg5 43. Qxd5+ 1-0

[Event "ITA-chTB 52nd"]
[Site "Montesilvano"]
[Date "2021.09.23"]
[Round "6.1"]
[White "Petrov, Marian"]
[Black "Moroni, Luca Jr"]
[Result "1/2-1/2"]
[WhiteElo "2463"]
[BlackElo "2566"]
[PlyCount "113"]
[EventDate "2021.09.20"]
[EventType "team-tourn"]
[EventRounds "7"]
[EventCountry "ITA"]
[SourceTitle "CBM 204 Extra"]
[Source "ChessBase"]
[SourceDate "2021.11.30"]
[SourceVersion "1"]
[SourceVersionDate "2021.11.30"]
[SourceQuality "1"]
[WhiteTeam "Lazio Scacchi"]
[BlackTeam "Cerianese Scacchistica"]
[WhiteTeamCountry "ITA"]
[BlackTeamCountry "ITA"]

1. e4 e5 2. Nc3 Nf6 3. g3 Bc5 4. Bg2 0-0 5. Nge2 c6 6. Na4 Be7 7. d4 d5 8. exd5 Nxd5 9. dxe5 Qa5+ 10. Nac3 Nxc3 11. Nxc3 Qxe5+ 12. Qe2 Qxe2+ 13. Nxe2 Bf6 14. c3 Be6 15. Be3 Nd7 16. Nd4 Bc4 17. b3 Ba6 18. 0-0-0 Ne5 19. h3 Rad8 20. c4 g6 21. f4 Nd7 22. Nc2 c5 23. Rd3 b6 24. Rhd1 Nb8 25. Na3 Rxd3 26. Rxd3 Rd8 27. Rxd8+ Bxd8 28. Kd2 Nd7 29. Bc6 Nf8 30. Nb5 Bxb5 31. Bxb5 Bf6 32. Kd3 Ne6 33. Ke4 Bd4 34. Bxd4 Nxd4 35. Kd5 Kf8 36. b4 Ne6 37. a3 Ke7 38. Ba4 cxb4 39. axb4 Nc7+ 40. Kc6 Na6 41. Kb7 Nxb4 42. Kxa7 Kd6 43. Kxb6 Nd3 44. Be8 f6 45. h4 Nc5 46. g4 Ne6 47. g5 Ke7 48. Ba4 Nxf4 49. c5 Nd3 50. c6 Nb4 51. Bb3 Nxc6 52. Kxc6 fxg5 53. hxg5 Kf8 54. Kd6 Kg7 55. Bc2 h6 56. gxh6+ Kxh6 57. Bxg6 1/2-1/2

[Event "ITA-chTB 52nd"]
[Site "Montesilvano"]
[Date "2021.09.20"]
[Round "1.1"]
[White "Petrov, Marian"]
[Black "Basso, Pier Luigi"]
[Result "1/2-1/2"]
[WhiteElo "2463"]
[BlackElo "2553"]
[PlyCount "134"]
[EventDate "2021.09.20"]
[EventType "team-tourn"]
[EventRounds "7"]
[EventCountry "ITA"]
[SourceTitle "CBM 204 Extra"]
[Source "ChessBase"]
[SourceDate "2021.11.30"]
[SourceVersion "1"]
[SourceVersionDate "2021.11.30"]
[SourceQuality "1"]
[WhiteTeam "Lazio Scacchi"]
[BlackTeam "Montebelluna Master"]
[WhiteTeamCountry "ITA"]
[BlackTeamCountry "ITA"]

1. e4 e5 2. Nf3 Nf6 3. Nxe5 d6 4. Nf3 Nxe4 5. d4 d5 6. Bd3 Nc6 7. 0-0 Be7 8. Nbd2 Nd6 9. c3 Bf5 10. Bxf5 Nxf5 11. Re1 Qd7 12. Nf1 f6 13. Ng3 Nxg3 14. fxg3 0-0-0 15. Qe2 Rde8 16. Qe6 Qxe6 17. Rxe6 Nd8 18. Re2 Bd6 19. Kf2 Kd7 20. Bd2 Rxe2+ 21. Kxe2 g5 22. Rf1 h5 23. Ne1 Ke6 24. Nc2 Nf7 25. Ne3 Nh6 26. c4 c6 27. cxd5+ cxd5 28. Re1 Nf5 29. Kd1 Nxe3+ 30. Rxe3+ Kf5 31. Rf3+ Ke6 32. Re3+ Kf7 33. Rf3 g4 34. Rf2 Kg6 35. Bf4 Bxf4 36. Rxf4 Re8 37. Kd2 Re4 38. Kd3 Re1 39. Rf2 Rh1 40. Rc2 Rxh2 41. Ke3 b6 42. b3 Kf5 43. Rf2+ Kg5 44. Rc2 h4 45. gxh4+ Kxh4 46. Kf4 Rh1 47. Kf5 Rd1 48. Kxf6 Rxd4 49. Ke5 Rd1 50. Rc7 a5 51. Rb7 Kg3 52. Kf5 Rf1+ 53. Ke5 Rd1 54. Kf5 Rd2 55. a4 Rxg2 56. Rxb6 Kf3 57. b4 Re2 58. bxa5 g3 59. a6 g2 60. Rb3+ Kf2 61. a7 g1Q 62. a8Q Qd1 63. Qb8 Qc2+ 64. Kg5 Qc1+ 65. Kf5 Qc2+ 66. Kg5 Qc1+ 67. Kf5 Qc2+ 1/2-1/2

[Event "PNWCC-Sofia Hybrid"]
[Site "Chess.com INT"]
[Date "2021.06.22"]
[Round "4.3"]
[White "Petrov, Marian"]
[Black "Peng, Shunkai"]
[Result "1-0"]
[WhiteElo "2470"]
[BlackElo "2330"]
[PlyCount "71"]
[EventDate "2021.06.21"]
[EventType "team-match"]
[EventRounds "4"]
[EventCountry "USA"]
[SourceTitle "CBM 203 Extra"]
[Source "ChessBase"]
[SourceDate "2021.09.30"]
[SourceVersion "1"]
[SourceVersionDate "2021.09.30"]
[SourceQuality "1"]
[WhiteTeam "Sofia"]
[BlackTeam "PNWCC"]
[WhiteTeamCountry "BUL"]
[BlackTeamCountry "USA"]

1. e4 c5 2. Nf3 d6 3. d4 Nf6 4. Nc3 cxd4 5. Nxd4 a6 6. f4 e5 7. Nf3 Qc7 8. a4 b6 9. Bd3 Be7 10. 0-0 0-0 11. Kh1 Nbd7 12. Nh4 Re8 13. Nf5 Bf8 14. fxe5 dxe5 15. Bg5 Bb7 16. Nh6+ gxh6 17. Bxf6 Nxf6 18. Rxf6 Bg7 19. Rf3 Qc5 20. Qe2 Bc8 21. Rg3 Kh8 22. Rf1 Be6 23. Nd5 a5 24. Qf3 Rg8 25. Nf6 Qb4 26. b3 Qe7 27. Nxg8 Rxg8 28. Qe3 Qc7 29. h3 Rd8 30. Rgf3 Rd7 31. Qe2 Kg8 32. Bb5 Rd4 33. Rd1 Qc5 34. c3 Rd6 35. Rxd6 Qxd6 36. Bc4 1-0